00480 2200169 4500001002100000008004100021035002000062245007500082100001900157260004100176300001200217020002100229084001700250082000800267650001700275990001800292INLIS000000000000912 ind  a0010-0724000912 aEnsiklopedia Matematika Matematika Dari Zaman Ke ZamancYosep Supriadi aYosep Supriadi aJakartabPT Listafariska Putrac2014 a98 hlm. a978-6029-232-271 a500.05 YOS e a500 aEnsiklopedia aP29/CP/24/912